|
|
|
|
| LEADER |
00000cam a2200000 7i4500 |
| 001 |
0000069211 |
| 005 |
20170115.0 |
| 008 |
170115 |
| 020 |
|
|
|a 073122762X
|
| 020 |
|
|
|a 9780731227624
|
| 090 |
0 |
0 |
|a SC
|b ENG
|
| 100 |
1 |
|
|a Llewellyn, Claire
|
| 245 |
1 |
0 |
|a Incredible insects
|c Claire Llewellyn
|
| 260 |
|
|
|a Australia :
|b Rigby Heinemann ,
|c 2000
|
| 300 |
|
|
|a 24pg. :
|b Col.ill
|
| 490 |
1 |
|
|a Rigby literacy collections
|
| 500 |
|
|
|a Children ages 7-9 years old (orange)
|
| 999 |
|
|
|a 0000952380
|b Book
|c Children Collection
|e Cawangan Segamat
|
| 999 |
|
|
|a 0000952381
|b Book
|c Children Collection
|e Cawangan Tangkak
|